Patrimonial.

Uloženo v:
Podrobná bibliografie
Hlavní autor: Nordenflycht Concha, José de (autor)
Médium: Neznámo
Jazyk:angličtina
Vydáno: Viña del Mar, Chile: Ediciones Altazor, 2017
Témata:
Tagy: Přidat tag
Žádné tagy, Buďte první, kdo vytvoří štítek k tomuto záznamu!

MARC

LEADER 00000 a2200000 4500
003 CL-VaPUC
005 20220901093720.0
008 220412b2017 ||||| |||| 00| 0 eng d
999 |c 435375  |d 435373 
020 |a 978-956-9205-92-7 
040 |c Pontificia Universidad Católica de Valparaíso 
082 7 |a Ch864 DOR 2017  |2 22 
100 |a Nordenflycht Concha, José de  |e autor  |9 552753 
245 1 |a Patrimonial. 
260 |a Viña del Mar, Chile:  |b Ediciones Altazor,  |c 2017 
300 |a 125 páginas 
583 |k Catalogador Asistente  |c 20220412 
650 0 |a Ensayos chilenos   |9 269132 
650 0 |a Arte del patrimonio  |x Ensayos  |9 868464 
942 |2 ddc  |c BK 
952 |0 0  |1 0  |2 ddc  |4 0  |6 CH_864_000000000000000_DOR_2017  |7 0  |8 A  |9 582571  |a BIBART  |b BIBART  |c GEN  |d 2022-04-12  |e 11  |g 8719.80  |i 5650754  |o Ch864 DOR 2017  |p 5650754  |r 2025-03-13  |t 1  |v 8719.80  |w 2022-04-12  |y BK  |k ART